<?xml version="1.0" encoding="UTF-8"?>
<marc:record xmlns:marc="http://www.loc.gov/MARC21/slim">
   <marc:leader>00000nam a2200000 a 4500</marc:leader>
   <marc:datafield ind1="1" ind2=" " tag="100">
      <marc:subfield code="a">Frank, Sylvia</marc:subfield>
      <marc:subfield code="4">aut</marc:subfield>
      <marc:subfield code="e">Verfasser/-in</marc:subfield>
   </marc:datafield>
   <marc:datafield ind1="0" ind2="0" tag="245">
      <marc:subfield code="a">Das Haus der Winde</marc:subfield>
   </marc:datafield>
   <marc:datafield ind1="0" ind2="0" tag="245">
      <marc:subfield code="b">Asta Nielsen und ein Sommer auf Hiddensee : Roman</marc:subfield>
   </marc:datafield>
   <marc:datafield ind1="0" ind2="0" tag="245">
      <marc:subfield code="c">Sylvia Frank</marc:subfield>
   </marc:datafield>
   <marc:datafield ind1=" " ind2="1" tag="264">
      <marc:subfield code="a">Berlin</marc:subfield>
      <marc:subfield code="b">Rütten &amp; Loening</marc:subfield>
      <marc:subfield code="c">2021</marc:subfield>
   </marc:datafield>
   <marc:datafield ind1=" " ind2=" " tag="250">
      <marc:subfield code="a">1. Auflage</marc:subfield>
   </marc:datafield>
   <marc:datafield ind1="1" ind2=" " tag="520">
      <marc:subfield code="a">Angaben aus der Verlagsmeldung

Das Haus der Winde : Asta Nielsen und ein Sommer auf Hiddensee / von Sylvia Frank

Juni 1934: Asta Nielsen, der dänische Filmstar, verbringt Sommertage voller Leichtigkeit auf Hiddensee, sie badet im Meer und trinkt Mokka. Bei einem Bootsausflug gerät sie in Seenot, und Kai, einer der Fischer, kommt ihr zu Hilfe. Er ist es auch, bei dem Asta Trost findet, als sie von der schweren Erkrankung ihres Freundes Joachim Ringelnatz erfährt. Eines Tages treffen Nazi-Funktionäre auf der Insel ein und machen Asta, der berühmten Schauspielerin, ein Angebot. Sie fällt eine Entscheidung, die ihr Leben für immer verändern wird – und ihre Liebe zu Kai.
</marc:subfield>
   </marc:datafield>
   <marc:datafield ind1=" " ind2=" " tag="020">
      <marc:subfield code="a">9783352009570</marc:subfield>
      <marc:subfield code="9">9783352009570</marc:subfield>
   </marc:datafield>
   <marc:datafield ind1=" " ind2=" " tag="020">
      <marc:subfield code="a">3352009570</marc:subfield>
      <marc:subfield code="9">3352009570</marc:subfield>
   </marc:datafield>
   <marc:datafield ind1=" " ind2=" " tag="041">
      <marc:subfield code="a">ger</marc:subfield>
   </marc:datafield>
   <marc:datafield ind1=" " ind2=" " tag="300">
      <marc:subfield code="a">328 Seiten</marc:subfield>
   </marc:datafield>
</marc:record>
